| 000 | 00908nam a2200217Ia 4500 | ||
|---|---|---|---|
| 999 |
_c39927 _d39927 |
||
| 001 | 6532 | ||
| 003 | GE_BSU | ||
| 005 | 20191021111908.0 | ||
| 008 | 181216s1954||||ge |||||||||||||| ||geo|| | ||
| 040 | _cGE_BSU | ||
| 041 | _ageo | ||
| 080 | _a821.353.1 ბ-78 | ||
| 100 |
_aბობოხიძე, კალე _94852 |
||
| 245 |
_aსიყვარულის სიმღერები / _cკალე ბობოხიძე ; რედ. რ. ორჯონიკიძე ; მხატვ. ი. რაზმაძე. |
||
| 264 |
_aთბილისი : _bსახელგამი ; _c1954. |
||
| 300 |
_a232 გვ. ; _c15 სმ. |
||
| 653 | _aსიყვარულის სიმღერები | ||
| 700 |
_aორჯონიკიძე, რ. _eრედაქტორი _94871 |
||
| 700 |
_aრაზმაძე, ი. _eმხატვარი _94872 |
||
| 942 |
_cBK _2udc |
||